000 00210nam a2200085Ia 4500
008 120527s9999 xx 000 0 und d
100 _aABULKALAM,M.S.
245 _aDiagnostic Assays for colon cancer.
942 _cBK
999 _c23931
_d23931